Beware the tides of masts (Record no. 77585)
[ view plain ]
| 000 -LEADER | |
|---|---|
| fixed length control field | 00995cab a2200229 4500 |
| 001 - CONTROL NUMBER | |
| control field | ##L134593 |
| 008 - FIXED-LENGTH DATA ELEMENTS--GENERAL INFORMATION | |
| fixed length control field | 060818n2006 000 0 eng u |
| 035 ## - SYSTEM CONTROL NUMBER | |
| System control number | (Sirsi) u134593 |
| 041 0# - LANGUAGE CODE | |
| Language code of text/sound track or separate title | eng |
| 100 1# - MAIN ENTRY--PERSONAL NAME | |
| Personal name | Hart, Sue |
| 245 00 - TITLE STATEMENT | |
| Title | Beware the tides of masts |
| 260 ## - PUBLICATION, DISTRIBUTION, ETC. | |
| Date of publication, distribution, etc. | 2006 |
| 490 #0 - SERIES STATEMENT | |
| Series statement | South East Farmer |
| Volume/sequential designation | August 2006, 37(1) |
| 520 ## - SUMMARY, ETC. | |
| Summary, etc. | Gives advice to property owners who face being propositioned by telecommunications operators seeking to locate masts. Points out the effects of the Communications Act 2003 and the Electronic Communications Code paras 20 and 21. Lists the problems associated with the relationship between owner and operator and suggests some dos and don'ts. |
| 590 ## - LOCAL NOTE (RLIN) | |
| Local note | IKA220806 |
| 650 24 - SUBJECT ADDED ENTRY--TOPICAL TERM | |
| Topical term or geographic name entry element | LANDLORD AND TENANT ACT 1954 |
| 650 24 - SUBJECT ADDED ENTRY--TOPICAL TERM | |
| Topical term or geographic name entry element | ELECTRONIC COMMUNICATIONS CODE |
| 650 24 - SUBJECT ADDED ENTRY--TOPICAL TERM | |
| Topical term or geographic name entry element | COMMUNICATIONS ACT 2003 |
| 651 #4 - SUBJECT ADDED ENTRY--GEOGRAPHIC NAME | |
| Geographic name | United Kingdom |
| Chronological subdivision | |
| 690 ## - LOCAL SUBJECT ADDED ENTRY--TOPICAL TERM (OCLC, RLIN) | |
| Topical term or geographic name as entry element | PROPERTY-INFRASTRUCTURE-TELECOMMUNICATIONS INFRASTRUCTURE-TELECOMMUNICATIONS FACILITIES |
| 942 ## - ADDED ENTRY ELEMENTS (KOHA) | |
| Suppress in OPAC | 0 |
| Withdrawn status | Lost status | Source of classification or shelving scheme | Damaged status | Not for loan | Home library | Current library | Shelving location | Date acquired | Total Checkouts | Full call number | Barcode | Date last seen | Copy number | Price effective from | Koha item type |
|---|---|---|---|---|---|---|---|---|---|---|---|---|---|---|---|
| Dewey Decimal Classification | London | London | Journal article | 18/08/2006 | L134593 | 134593-1001 | 06/08/2019 | 1 | 06/08/2019 | Journal article |